[Event "Titled Tuesday intern op 27th Feb Late"]
[Site "Chess.com INT"]
[Date "2024.02.27"]
[Round "6"]
[White "Ismayilova, Khanim"]
[Black "Palacio, Igor Da Paz"]
[Result "1/2-1/2"]
[WhiteElo "1810"]
[BlackElo "2172"]
[PlyCount "115"]
[EventDate "2024.02.27"]
[EventType "swiss (blitz)"]
[EventRounds "11"]
[EventCountry "USA"]
[SourceTitle "CB10_2024"]
[SourceDate "2024.03.06"]
[SourceVersion "1"]
[SourceVersionDate "2024.03.06"]
[SourceQuality "1"]

1. e4 d6 2. d4 Nf6 3. Nc3 g6 4. Nf3 Bg7 5. Bc4 c6 6. 0-0 d5 7. exd5 cxd5 8. Bb5+ Nbd7 9. Bg5 a6 10. Ba4 0-0 11. Qd2 b5 12. Bb3 Bb7 13. Bh6 Nb6 14. Bxg7 Kxg7 15. Ne5 Nc4 16. Bxc4 dxc4 17. Rad1 Qd6 18. a3 Rad8 19. Rfe1 Rfe8 20. Qg5 h6 21. Qg3 Nh5 22. Qe3 Nf6 23. Qg3 Qb8 24. h3 Nd7 25. Re3 Nxe5 26. Rxe5 e6 27. Ne4 Bxe4 28. Rxe4 Qxg3 29. fxg3 Rd5 30. Kf2 Red8 31. c3 a5 32. Rde1 b4 33. axb4 axb4 34. Re5 bxc3 35. bxc3 R8d6 36. Rxd5 Rxd5 37. Re5 Kf6 38. Rxd5 exd5 39. Kf3 Kf5 40. h4 f6 41. g4+ Ke6 42. Kf4 g5+ 43. hxg5 hxg5+ 44. Ke3 Kd6 45. Kd2 Ke6 46. Ke3 f5 47. gxf5+ Kxf5 48. Kf3 g4+ 49. Ke3 Kg5 50. g3 Kf5 51. Kd2 Ke4 52. Ke2 Kf5 53. Ke3 Kg5 54. Kd2 Kf6 55. Ke2 Kf5 56. Ke3 Kg5 57. Kd2 Kf5 58. Ke3 1/2-1/2

[Event "Titled Tuesday intern op 14th Nov Early"]
[Site "Chess.com INT"]
[Date "2023.11.14"]
[Round "9"]
[White "Aketayeva, Dana"]
[Black "Ismayilova, Khanim"]
[Result "1-0"]
[WhiteElo "2130"]
[BlackElo "1895"]
[PlyCount "75"]
[EventDate "2023.11.14"]
[EventType "swiss (blitz)"]
[EventRounds "11"]
[EventCountry "USA"]
[SourceTitle "CB47_2023"]
[SourceDate "2023.11.22"]
[SourceVersion "1"]
[SourceVersionDate "2023.11.22"]
[SourceQuality "1"]

1. d4 d5 2. Nf3 Nf6 3. g3 g6 4. Bg2 Bg7 5. 0-0 0-0 6. c3 c6 7. Bf4 Bg4 8. Nbd2 Nbd7 9. Ne5 Nxe5 10. Bxe5 Rc8 11. Re1 Bh6 12. Qc2 Nd7 13. e4 Nxe5 14. dxe5 dxe4 15. Nxe4 Bf5 16. Rad1 Qc7 17. Qb3 Bxe4 18. Rxe4 Rcd8 19. e6 Rxd1+ 20. Qxd1 Bg7 21. Qd7 Qd6 22. Bh3 Rd8 23. exf7+ Kf8 24. Qxd6 Rxd6 25. Be6 Rd2 26. Rb4 b6 27. Rh4 Rxb2 28. Rxh7 Rc2 29. c4 Re2 30. Bd7 Kxf7 31. Bxc6 Kf8 32. Rh4 Bf6 33. Rg4 g5 34. h4 gxh4 35. gxh4 Rxa2 36. Bd5 Ra1+ 37. Kg2 Re1 38. Rg8# 1-0

[Event "Titled Tuesday intern op 26th Sep Late"]
[Site "Chess.com INT"]
[Date "2023.09.26"]
[Round "3"]
[White "Degtiarev, Evgeny"]
[Black "Ismayilova, Khanim"]
[Result "1-0"]
[WhiteElo "2384"]
[BlackElo "1804"]
[PlyCount "83"]
[EventDate "2023.09.26"]
[EventType "swiss (blitz)"]
[EventRounds "11"]
[EventCountry "USA"]
[SourceTitle "EXT 2024"]
[Source "ChessBase"]
[SourceDate "2023.10.10"]
[SourceVersion "1"]
[SourceVersionDate "2023.10.10"]
[SourceQuality "1"]

1. d4 d5 2. c4 e5 3. dxe5 d4 4. Nf3 Nc6 5. g3 Nge7 6. Bg2 Ng6 7. 0-0 Ngxe5 8. Nxe5 Nxe5 9. Nd2 Be7 10. b3 0-0 11. Bb2 Bf6 12. Ne4 Nc6 13. Nxf6+ Qxf6 14. Bxc6 Qxc6 15. Qxd4 f6 16. Qd5+ Qxd5 17. cxd5 Bg4 18. f3 Bh3 19. Rfc1 Rfe8 20. Kf2 Re7 21. Rc2 Bf5 22. e4 Bg6 23. Rac1 Rc8 24. d6 Rd7 25. Rxc7 Rdxc7 26. Rxc7 Rd8 27. Ba3 Be8 28. Rxb7 a6 29. Ke3 Bb5 30. Kd4 Kf8 31. f4 Ke8 32. Re7+ Kf8 33. Rc7 Rd7 34. e5 fxe5+ 35. fxe5 Kf7 36. Kd5 Ke8 37. e6 Rd8 38. Rxg7 Kf8 39. e7+ Ke8 40. exd8Q+ Kxd8 41. Ke6 Kc8 42. d7+ 1-0

[Event "Titled Tuesday intern op 26th Sep Early"]
[Site "Chess.com INT"]
[Date "2023.09.26"]
[Round "9"]
[White "Ismayilova, Khanim"]
[Black "Quirke, Jeffrey"]
[Result "1/2-1/2"]
[WhiteElo "1804"]
[BlackElo "2015"]
[PlyCount "81"]
[EventDate "2023.09.26"]
[EventType "swiss (blitz)"]
[EventRounds "11"]
[EventCountry "USA"]
[SourceTitle "EXT 2024"]
[Source "ChessBase"]
[SourceDate "2023.10.10"]
[SourceVersion "1"]
[SourceVersionDate "2023.10.10"]
[SourceQuality "1"]

1. e4 Nf6 2. e5 Nd5 3. c4 Nb6 4. d4 d6 5. exd6 exd6 6. Nf3 Be7 7. Bd3 Nc6 8. 0-0 0-0 9. Nc3 Bf6 10. Be3 Bg4 11. h3 Bxf3 12. Qxf3 Nxd4 13. Bxd4 Bxd4 14. Bxh7+ Kxh7 15. Qe4+ Kg8 16. Qxd4 Qg5 17. Ne4 Qe5 18. Qxe5 dxe5 19. Rac1 Nd7 20. c5 Nf6 21. Nxf6+ gxf6 22. c6 b6 23. Rfd1 Rfd8 24. Rd7 Rac8 25. Rcd1 Rxd7 26. cxd7 Rd8 27. h4 Kh7 28. g4 Kg6 29. Kg2 f5 30. gxf5+ Kxf5 31. Kg3 Kg6 32. Rd5 f6 33. a4 a5 34. Kg4 f5+ 35. Kg3 Kf6 36. f4 e4 37. h5 Ke6 38. Re5+ Kf6 39. Rd5 Ke6 40. Re5+ Kf6 41. Rd5 1/2-1/2

[Event "Titled Tuesday intern op 11th Jul Early"]
[Site "Chess.com INT"]
[Date "2023.07.11"]
[Round "10"]
[White "Ismayilova, Khanim"]
[Black "Lisjak, Zlatko"]
[Result "1-0"]
[WhiteElo "1615"]
[BlackElo "2213"]
[PlyCount "65"]
[EventDate "2023.07.11"]
[EventType "swiss (blitz)"]
[EventRounds "11"]
[EventCountry "USA"]
[SourceTitle "EXT 2024"]
[Source "ChessBase"]
[SourceDate "2023.10.10"]
[SourceVersion "1"]
[SourceVersionDate "2023.10.10"]
[SourceQuality "1"]

1. c4 d6 2. d4 e5 3. dxe5 dxe5 4. Qxd8+ Kxd8 5. Bg5+ f6 6. Be3 Be6 7. Nd2 c6 8. 0-0-0 Kc7 9. Ngf3 Nd7 10. g3 Nh6 11. Bg2 Ng4 12. b3 a5 13. Nf1 Ba3+ 14. Kc2 Bf5+ 15. Kc3 b5 16. h3 Nxe3 17. Nxe3 Be4 18. Nxe5 Bxg2 19. Rxd7+ Kc8 20. Nxg2 fxe5 21. Rxg7 Bc5 22. Rd1 Bd4+ 23. Kc2 a4 24. e3 axb3+ 25. Kxb3 Bb6 26. cxb5 cxb5 27. Rd5 Rf8 28. Rxb5 Rxf2 29. Rxb6 Rxg2 30. Rf6 Rb8+ 31. Kc3 Rf2 32. Rxf2 Kd8 33. Rf8# 1-0

[Event "Titled Tuesday intern op 11th Jul Early"]
[Site "Chess.com INT"]
[Date "2023.07.11"]
[Round "6"]
[White "Lenoir Ibacache, Gabriel Alberto"]
[Black "Ismayilova, Khanim"]
[Result "1-0"]
[WhiteElo "2225"]
[BlackElo "1615"]
[PlyCount "105"]
[EventDate "2023.07.11"]
[EventType "swiss (blitz)"]
[EventRounds "11"]
[EventCountry "USA"]
[SourceTitle "EXT 2024"]
[Source "ChessBase"]
[SourceDate "2023.10.10"]
[SourceVersion "1"]
[SourceVersionDate "2023.10.10"]
[SourceQuality "1"]

1. e4 c5 2. g3 e6 3. Bg2 d5 4. exd5 exd5 5. Ne2 Nf6 6. 0-0 Be7 7. d4 0-0 8. dxc5 Bxc5 9. Nd2 Nc6 10. Nb3 Bb6 11. Bg5 Bg4 12. h3 Bh5 13. g4 Bg6 14. Nf4 Qd6 15. Nxd5 Nxd5 16. Qxd5 Qxd5 17. Bxd5 Bxc2 18. Rac1 Bxb3 19. Bxc6 bxc6 20. axb3 Rac8 21. Rc4 f6 22. Bf4 Rfd8 23. Rfc1 Rd3 24. Rxc6 Rxc6 25. Rxc6 Rxh3 26. Bg3 Rh6 27. Kg2 Rg6 28. Kf3 Rg5 29. Bd6 Rb5 30. b4 Rd5 31. Bc5 Bxc5 32. bxc5 Rd7 33. Ra6 Rc7 34. b4 Kf7 35. Ke4 Ke7 36. Kd5 Kd7 37. b5 Kc8 38. b6 axb6 39. cxb6 Rf7 40. Ra7 Rxa7 41. bxa7 Kb7 42. Ke6 g6 43. Kxf6 h5 44. gxh5 gxh5 45. Kg5 Kxa7 46. Kxh5 Kb6 47. Kg6 Kc6 48. f4 Kd7 49. f5 Ke8 50. Kg7 Ke7 51. f6+ Ke6 52. f7 Ke5 53. f8Q 1-0

[Event "Titled Tuesday intern op 11th Jul Early"]
[Site "Chess.com INT"]
[Date "2023.07.11"]
[Round "1"]
[White "Sidletskyi, Ivan"]
[Black "Ismayilova, Khanim"]
[Result "1-0"]
[WhiteElo "2281"]
[BlackElo "1615"]
[PlyCount "47"]
[EventDate "2023.07.11"]
[EventType "swiss (blitz)"]
[EventRounds "11"]
[EventCountry "USA"]
[SourceTitle "EXT 2024"]
[Source "ChessBase"]
[SourceDate "2023.10.10"]
[SourceVersion "1"]
[SourceVersionDate "2023.10.10"]
[SourceQuality "1"]

1. d4 d5 2. Nf3 Nf6 3. e3 Bg4 4. b3 e6 5. Bb2 Bb4+ 6. c3 Bd6 7. Nbd2 0-0 8. h3 Bh5 9. Be2 c5 10. 0-0 Nc6 11. Rc1 Rc8 12. dxc5 Bxc5 13. c4 Qe7 14. cxd5 Nxd5 15. Ne4 Ba3 16. Bxa3 Qxa3 17. Qd2 Ncb4 18. Nd6 Rxc1 19. Rxc1 Nxa2 20. Ra1 Qxd6 21. Rxa2 a6 22. e4 Qb4 23. exd5 exd5 24. Qxb4 1-0

[Event "Dulles Cherry Blossom op 10th"]
[Site "Dulles"]
[Date "2023.05.29"]
[Round "9"]
[White "Sargsyan, Anna M"]
[Black "Ismayilova, Khanim"]
[Result "1/2-1/2"]
[WhiteElo "2375"]
[BlackElo "1562"]
[PlyCount "79"]
[EventDate "2023.05.24"]
[EventType "swiss"]
[EventRounds "9"]
[EventCountry "USA"]
[SourceTitle "CBM 214 Extra"]
[Source "ChessBase"]
[SourceDate "2023.07.31"]
[SourceVersion "1"]
[SourceVersionDate "2023.07.31"]
[SourceQuality "1"]

1. e4 c5 2. Nf3 Nc6 3. Bb5 g6 4. Bxc6 dxc6 5. d3 Bg7 6. h3 Nf6 7. 0-0 0-0 8. Nc3 Be6 9. Be3 c4 10. d4 b5 11. Ng5 Bd7 12. e5 Nd5 13. Nge4 Be6 14. Nc5 Nxc3 15. bxc3 Bd5 16. Qd2 f6 17. e6 Qc8 18. Bh6 Bxh6 19. Qxh6 Qc7 20. h4 Kh8 21. Rfe1 Rg8 22. Ne4 Bxe4 23. Rxe4 Qd6 24. Qe3 a5 25. f4 Qa3 26. Qf3 Qb2 27. Ree1 Qxc2 28. Rac1 Qd3 29. Qxc6 b4 30. d5 bxc3 31. Rcd1 Qg3 32. d6 exd6 33. e7 c2 34. Rc1 Qxf4 35. Rxc2 Qd4+ 36. Rf2 Rae8 37. Re4 Qc5 38. Qxc5 dxc5 39. Rxf6 Rg7 40. Rf8+ 1/2-1/2

[Event "Dulles Cherry Blossom op 10th"]
[Site "Dulles"]
[Date "2023.05.28"]
[Round "6"]
[White "Ismayilova, Khanim"]
[Black "Girsh, Daniel"]
[Result "0-1"]
[WhiteElo "1562"]
[BlackElo "2123"]
[PlyCount "128"]
[EventDate "2023.05.24"]
[EventType "swiss"]
[EventRounds "9"]
[EventCountry "USA"]
[SourceTitle "CBM 214 Extra"]
[Source "ChessBase"]
[SourceDate "2023.07.31"]
[SourceVersion "1"]
[SourceVersionDate "2023.07.31"]
[SourceQuality "1"]

1. c4 e6 2. Nc3 d5 3. e3 Nf6 4. Nf3 Bd6 5. d4 0-0 6. Bd3 Nbd7 7. 0-0 dxc4 8. Bxc4 c6 9. e4 b5 10. Bd3 e5 11. Bg5 h6 12. Bh4 exd4 13. Nxd4 Ne5 14. Be2 a6 15. Bg3 b4 16. Bxe5 Bxe5 17. Nxc6 Bxh2+ 18. Kxh2 Qc7+ 19. e5 bxc3 20. Qd6 Qxd6 21. exd6 Bb7 22. Ne7+ Kh8 23. bxc3 Ne4 24. Rab1 Ra7 25. Rb6 Rd8 26. c4 Rxd6 27. Rxd6 Nxd6 28. Rd1 Bxg2 29. c5 Ne4 30. Nc8 Ra8 31. Rd8+ Kh7 32. Kxg2 Nxc5 33. Re8 Ne6 34. Nd6 Ra7 35. Nc8 Ra8 36. Bd3+ g6 37. Kf3 Nc7 38. Rd8 Ne6 39. Re8 Nc7 40. Bxg6+ Kxg6 41. Ne7+ Kg5 42. Rxa8 Nxa8 43. Nd5 Kf5 44. Ne7+ Ke6 45. Ng8 h5 46. Kf4 a5 47. Kg5 a4 48. Nh6 Nc7 49. Kxh5 Nb5 50. Ng4 Nc3 51. Ne3 Nxa2 52. Nc2 Kf5 53. Kh6 Ke4 54. Kg7 f5 55. Kf6 Nc3 56. f3+ Kf4 57. Ke6 Nb1 58. Nb4 a3 59. Nd3+ Ke3 60. Nb4 f4 61. Ke5 Kxf3 62. Kd4 Ke2 63. Nd3 f3 64. Kc4 a2 0-1

[Event "Dulles Cherry Blossom op 10th"]
[Site "Dulles"]
[Date "2023.05.27"]
[Round "4"]
[White "Ismayilova, Khanim"]
[Black "Sriniaiyer, Sudarshan"]
[Result "0-1"]
[WhiteElo "1562"]
[BlackElo "2211"]
[PlyCount "112"]
[EventDate "2023.05.24"]
[EventType "swiss"]
[EventRounds "9"]
[EventCountry "USA"]
[SourceTitle "CBM 214 Extra"]
[Source "ChessBase"]
[SourceDate "2023.07.31"]
[SourceVersion "1"]
[SourceVersionDate "2023.07.31"]
[SourceQuality "1"]

1. c4 e6 2. Nc3 d5 3. e3 Nf6 4. Nf3 a6 5. b3 Bd6 6. Bb2 b6 7. d4 Bb7 8. cxd5 exd5 9. Bd3 Nbd7 10. Qc2 Qe7 11. Ne2 0-0 12. Ng3 g6 13. Nd2 Rfe8 14. 0-0 c5 15. Nf3 Rac8 16. Qe2 a5 17. Ba6 Bxa6 18. Qxa6 Ra8 19. Qb5 a4 20. Rac1 Rec8 21. Qd3 axb3 22. axb3 Ra2 23. Rc2 c4 24. Qe2 b5 25. e4 Bxg3 26. hxg3 Qxe4 27. Qxe4 Nxe4 28. Ra1 Rca8 29. Rxa2 Rxa2 30. bxc4 dxc4 31. Ne1 c3 32. Bc1 Ra4 33. f3 Nxg3 34. Kh2 Nf5 35. Rxc3 f6 36. d5 Rd4 37. Rd3 Rc4 38. Bd2 Kf7 39. f4 Nc5 40. Ra3 Na4 41. Nf3 Nd4 42. d6 Nxf3+ 43. Rxf3 Rd4 44. Be1 Rxd6 45. Rb3 Rd5 46. Bf2 Ke6 47. Kg3 Nc5 48. Bxc5 Rxc5 49. Kf3 Kd5 50. Rd3+ Kc4 51. Rd7 b4 52. Rxh7 b3 53. Rb7 Rb5 54. Rc7+ Kb4 55. Rc1 b2 56. Rb1 Kc3 0-1

[Event "Titled Tuesday intern op 16th May Late"]
[Site "Chess.com INT"]
[Date "2023.05.16"]
[Round "3"]
[White "Wagner, Dennis"]
[Black "Ismayilova, Khanim"]
[Result "1-0"]
[WhiteElo "2595"]
[BlackElo "1562"]
[PlyCount "117"]
[EventDate "2023.05.16"]
[EventType "swiss (blitz)"]
[EventRounds "11"]
[EventCountry "USA"]
[SourceTitle "CBM 214 Extra"]
[Source "ChessBase"]
[SourceDate "2023.07.31"]
[SourceVersion "1"]
[SourceVersionDate "2023.07.31"]
[SourceQuality "1"]

1. e4 c5 2. Nf3 Nc6 3. Bb5 g6 4. Bxc6 dxc6 5. d3 Bg7 6. h3 e5 7. a4 Ne7 8. a5 0-0 9. Be3 Qd6 10. Nbd2 Be6 11. Ng5 b6 12. Nxe6 Qxe6 13. 0-0 f5 14. f3 f4 15. Bf2 g5 16. Qb1 Ng6 17. Qa2 Qxa2 18. Rxa2 Rfd8 19. Rfa1 Rab8 20. axb6 axb6 21. Ra6 Rb7 22. Nc4 Rdb8 23. Ra7 Rxa7 24. Rxa7 b5 25. Na5 Rb6 26. Bxc5 Rb8 27. b4 Rc8 28. Ra6 Bf8 29. Rxc6 Rxc6 30. Nxc6 Bxc5+ 31. bxc5 Kf7 32. c3 Ke6 33. Kf2 Kd7 34. Nb4 Ne7 35. d4 exd4 36. cxd4 Nc8 37. d5 Na7 38. e5 Nc8 39. e6+ Ke7 40. Ke2 Na7 41. Kd3 h5 42. Ke4 Nc8 43. Ke5 Na7 44. d6+ Ke8 45. c6 Nc8 46. c7 Nb6 47. Nd5 Nc4+ 48. Kd4 Nxd6 49. Kc5 Nc8 50. Nb6 Ne7 51. Kxb5 Kf8 52. Kc5 Kg7 53. Kd6 Kf6 54. Nd7+ Kg7 55. Kxe7 Kg6 56. c8Q g4 57. Qg8+ Kh6 58. Kf6 g3 59. Qg6# 1-0

[Event "Titled Tuesday intern op 09th May Early"]
[Site "Chess.com INT"]
[Date "2023.05.09"]
[Round "8"]
[White "Ankudinova, Elena"]
[Black "Ismayilova, Khanim"]
[Result "0-1"]
[WhiteElo "1947"]
[BlackElo "1562"]
[PlyCount "48"]
[EventDate "2023.05.09"]
[EventType "swiss (blitz)"]
[EventRounds "11"]
[EventCountry "USA"]
[SourceTitle "CBM 214 Extra"]
[Source "ChessBase"]
[SourceDate "2023.07.31"]
[SourceVersion "1"]
[SourceVersionDate "2023.07.31"]
[SourceQuality "1"]

1. c4 e6 2. Nc3 d5 3. cxd5 exd5 4. d4 Nf6 5. Qc2 Be7 6. Bf4 c6 7. e3 0-0 8. Nf3 Bg4 9. Bd3 Nbd7 10. 0-0 Bxf3 11. gxf3 h6 12. Kh1 Nh5 13. Bg3 Bh4 14. Rg1 Qf6 15. Qe2 Rfe8 16. f4 Bxg3 17. hxg3 g6 18. Kg2 Ng7 19. Rh1 h5 20. g4 hxg4 21. Qxg4 Rad8 22. Rag1 Kf8 23. Rh8+ Ke7 24. Rxe8+ Rxe8 0-1

[Event "Titled Tuesday intern op 09th May Early"]
[Site "Chess.com INT"]
[Date "2023.05.09"]
[Round "4"]
[White "Ismayilova, Khanim"]
[Black "Schut, Han"]
[Result "0-1"]
[WhiteElo "1562"]
[BlackElo "2101"]
[PlyCount "50"]
[EventDate "2023.05.09"]
[EventType "swiss (blitz)"]
[EventRounds "11"]
[EventCountry "USA"]
[SourceTitle "CBM 214 Extra"]
[Source "ChessBase"]
[SourceDate "2023.07.31"]
[SourceVersion "1"]
[SourceVersionDate "2023.07.31"]
[SourceQuality "1"]

1. c4 Nf6 2. Nc3 d5 3. e3 c5 4. d4 cxd4 5. exd4 g6 6. Nf3 Bg7 7. Be2 0-0 8. 0-0 dxc4 9. Bxc4 a6 10. Be3 b5 11. Be2 Bb7 12. Rc1 Nc6 13. Qd2 Rc8 14. Rfd1 e6 15. Bh6 Ne7 16. Bxg7 Kxg7 17. h3 h5 18. a3 Ned5 19. Nxd5 Qxd5 20. Qg5 Rfd8 21. Qxd5 Bxd5 22. Ne5 Bb3 23. Rxc8 Rxc8 24. Rd3 Rc1+ 25. Kh2 Bc4 0-1

[Event "Titled Tuesday intern op 09th May Early"]
[Site "Chess.com INT"]
[Date "2023.05.09"]
[Round "6"]
[White "Zaichenko, Daria"]
[Black "Ismayilova, Khanim"]
[Result "1/2-1/2"]
[WhiteElo "2104"]
[BlackElo "1562"]
[PlyCount "77"]
[EventDate "2023.05.09"]
[EventType "swiss (blitz)"]
[EventRounds "11"]
[EventCountry "USA"]
[SourceTitle "CBM 214 Extra"]
[Source "ChessBase"]
[SourceDate "2023.07.31"]
[SourceVersion "1"]
[SourceVersionDate "2023.07.31"]
[SourceQuality "1"]

1. e4 c5 2. Nf3 Nc6 3. d4 cxd4 4. Nxd4 Nf6 5. Nc3 e5 6. Ndb5 d6 7. Bg5 a6 8. Na3 b5 9. Nd5 Be7 10. Bxf6 Bxf6 11. c4 b4 12. Nc2 a5 13. Be2 0-0 14. 0-0 Bg5 15. Nce3 Nd4 16. Bd3 Be6 17. f4 Bxd5 18. Nxd5 Bh6 19. f5 f6 20. Qg4 Rb8 21. b3 Nc6 22. Rf3 Ne7 23. Rh3 Kh8 24. Rf1 Nxd5 25. cxd5 Qb6+ 26. Kh1 Rbc8 27. Bc4 a4 28. Qe2 axb3 29. axb3 Ra8 30. Rxh6 gxh6 31. Qh5 Qe3 32. Rf3 Ra1+ 33. Bf1 Qc1 34. h3 Qd1 35. Qxh6 Rf7 36. Qh5 Rf8 37. Qh6 Rf7 38. Qh5 Rf8 39. Qh6 1/2-1/2

[Event "Titled Tuesday intern op 02nd May Late"]
[Site "Chess.com INT"]
[Date "2023.05.02"]
[Round "7"]
[White "Cooklev, Steven"]
[Black "Ismayilova, Khanim"]
[Result "1-0"]
[WhiteElo "2039"]
[BlackElo "1562"]
[PlyCount "69"]
[EventDate "2023.05.02"]
[EventType "swiss (blitz)"]
[EventRounds "11"]
[EventCountry "USA"]
[SourceTitle "EXT 2024"]
[Source "ChessBase"]
[SourceDate "2023.10.10"]
[SourceVersion "1"]
[SourceVersionDate "2023.10.10"]
[SourceQuality "1"]

1. e4 c5 2. Nf3 Nc6 3. Nc3 e6 4. d4 cxd4 5. Nxd4 Bc5 6. Nb3 Bb4 7. Qd3 Nf6 8. Be2 d5 9. exd5 exd5 10. 0-0 Bxc3 11. Qxc3 0-0 12. Bf3 Bg4 13. Bg5 d4 14. Qd3 Ne5 15. Qxd4 Nxf3+ 16. gxf3 Bxf3 17. Bxf6 Qxf6 18. Qxf6 gxf6 19. Nd4 Be4 20. Rfe1 f5 21. f3 Bd5 22. Kf2 Rac8 23. c3 f4 24. Nf5 Kh8 25. a3 Be6 26. Nd4 Bd5 27. Re5 Rcd8 28. Rae1 f6 29. Re7 b6 30. Rxa7 Rfe8 31. Ree7 Rxe7 32. Rxe7 Bc4 33. h4 b5 34. h5 Rd5 35. h6 1-0

[Event "Titled Tuesday intern op 02nd May Late"]
[Site "Chess.com INT"]
[Date "2023.05.02"]
[Round "6"]
[White "Ismayilova, Khanim"]
[Black "Harish, Neeraj"]
[Result "0-1"]
[WhiteElo "1562"]
[BlackElo "2232"]
[PlyCount "54"]
[EventDate "2023.05.02"]
[EventType "swiss (blitz)"]
[EventRounds "11"]
[EventCountry "USA"]
[SourceTitle "EXT 2024"]
[Source "ChessBase"]
[SourceDate "2023.10.10"]
[SourceVersion "1"]
[SourceVersionDate "2023.10.10"]
[SourceQuality "1"]

1. c4 Nf6 2. Nc3 g6 3. d4 d5 4. e3 Bg7 5. Nf3 0-0 6. Bd3 dxc4 7. Bxc4 c5 8. 0-0 Nc6 9. b3 cxd4 10. exd4 Bg4 11. Be3 e6 12. Rc1 Ne7 13. Be2 Nfd5 14. Ne5 Bxe2 15. Qxe2 Nxc3 16. Rxc3 Nd5 17. Rc2 Qd6 18. Nc4 Qe7 19. h3 Rac8 20. Rfc1 a6 21. Qd2 Rfd8 22. Bg5 f6 23. Bh6 Nb4 24. Rc3 Bxh6 25. Qxh6 Nxa2 26. Nb6 Rxc3 27. Rxc3 Nxc3 0-1

[Event "World School-ch U13 Girls"]
[Site "Rhodes"]
[Date "2023.04.14"]
[Round "1"]
[White "Ismayilova, Khanim"]
[Black "Korolchuk, Vladyslava"]
[Result "0-1"]
[WhiteElo "1676"]
[BlackElo "1376"]
[PlyCount "160"]
[EventDate "2023.04.14"]
[EventType "swiss"]
[EventRounds "9"]
[EventCountry "GRE"]
[SourceTitle "EXT 2024"]
[Source "ChessBase"]
[SourceDate "2023.10.10"]
[SourceVersion "1"]
[SourceVersionDate "2023.10.10"]
[SourceQuality "1"]

1. c4 e6 2. Nc3 d5 3. e3 Nf6 4. Nf3 Be7 5. d4 0-0 6. Bd3 dxc4 7. Bxc4 a6 8. 0-0 b5 9. Bd3 Bb7 10. Qe2 c5 11. Rd1 Qb6 12. b3 Nbd7 13. Bb2 Rfd8 14. Rac1 Rac8 15. Nb1 Ne4 16. Nfd2 Nef6 17. Nf3 cxd4 18. Bxd4 Bc5 19. Nc3 Bxd4 20. exd4 Nd5 21. Nxd5 Bxd5 22. Be4 Nf6 23. Bxd5 Nxd5 24. Qd2 b4 25. h3 Nc3 26. Re1 Qc7 27. Kh1 Qb6 28. Rc2 Rc7 29. Qd3 f6 30. Qe3 Kf7 31. Qf4 Kg8 32. Qe3 Rc6 33. Rd2 Rdc8 34. Qd3 a5 35. Rb2 Rd8 36. Qe3 Kf7 37. Qd3 Kg8 38. Qe3 Rcd6 39. Qd3 g6 40. Qe3 Kg7 41. Qf4 Nb5 42. Rbe2 Nxd4 43. Nxd4 Rxd4 44. Qe3 e5 45. f4 e4 46. Rd2 Qd6 47. Rxd4 Qxd4 48. Qxe4 Qxe4 49. Rxe4 Rd2 50. Re1 Rxa2 51. Rb1 f5 52. Kh2 Kf6 53. Kg3 Ke6 54. Kf3 Kd5 55. Rd1+ Kc5 56. Rd3 Rc2 57. g4 Rc3 58. Ke2 Rc2+ 59. Kf3 Rc3 60. Ke2 Rc2+ 61. Kf3 Rh2 62. Kg3 Rc2 63. Kf3 Ra2 64. gxf5 gxf5 65. h4 h5 66. Rd1 Ra3 67. Rc1+ Kb5 68. Re1 Rxb3+ 69. Kf2 Rc3 70. Ke2 Kc4 71. Kd2 Rf3 72. Re5 Rd3+ 73. Kc2 Rd5 74. Re3 a4 75. Rg3 b3+ 76. Kc1 a3 77. Rg2 Kc3 78. Rc2+ Kb4 79. Rg2 b2+ 80. Kc2 Rc5+ 0-1

[Event "AZE-ch Rapid (Women)"]
[Site "Baku"]
[Date "2022.12.02"]
[Round "3"]
[White "Ismayilova, Khanim"]
[Black "Gasimova, Samra"]
[Result "0-1"]
[WhiteElo "1707"]
[BlackElo "1908"]
[PlyCount "141"]
[EventDate "2022.12.02"]
[EventType "swiss (rapid)"]
[EventRounds "7"]
[EventCountry "AZE"]
[SourceTitle "CBM 211 Extra"]
[Source "ChessBase"]
[SourceDate "2023.01.31"]
[SourceVersion "1"]
[SourceVersionDate "2023.01.31"]
[SourceQuality "1"]

1. c4 Nf6 2. Nc3 e6 3. e4 d6 4. d4 Be7 5. Nf3 b6 6. Bd3 Bb7 7. 0-0 c5 8. d5 0-0 9. Be3 a6 10. h3 Nfd7 11. Qc2 e5 12. Qe2 b5 13. cxb5 Nb6 14. a4 a5 15. Nd2 Kh8 16. f4 N8d7 17. Nf3 f5 18. fxe5 dxe5 19. Rad1 f4 20. Bf2 Rc8 21. b3 g5 22. Bc4 Bd6 23. Nh2 Qf6 24. Qg4 Qg6 25. h4 h6 26. hxg5 hxg5 27. Qe6 Rf6 28. Qh3+ Kg7 29. Be1 Rh8 30. Qg4 Rff8 31. Nf3 Rh5 32. Kf2 Bc8 33. Ng1 Nf6 34. Qe2 g4 35. Bd2 f3 36. Qe3 Rh2 37. Qg5 Rxg2+ 38. Ke1 f2+ 39. Rxf2 Rxg1+ 40. Ke2 Rxd1 41. Kxd1 Qxg5 42. Bxg5 Kg6 43. Bh4 Nh5 44. Rxf8 Bxf8 45. Ne2 Nf4 46. Bd8 Nxc4 47. bxc4 Bd6 48. Bxa5 Nd3 49. Kc2 Nf2 50. Ng3 Kg5 51. Be1 Nh3 52. a5 Kf4 53. a6 Bc7 54. a7 Bb7 55. Kd3 Bb6 56. d6 Bxa7 57. d7 Bb6 58. Nh5+ Kf3 59. Nf6 g3 60. Bxg3 Kxg3 61. Ne8 Nf4+ 62. Ke3 Ng2+ 63. Kd3 Nf4+ 64. Ke3 Ne6 65. Nd6 Ba8 66. Nf7 Bc7 67. b6 Bxb6 68. Nxe5 Ng5 69. Ng6 Nxe4 70. Ne7 Nf6 71. Nc8 0-1

[Event "EU-ch U12 Girls 30th"]
[Site "Antalya"]
[Date "2022.11.12"]
[Round "7"]
[White "Mokeeva, Zlata"]
[Black "Ismayilova, Khanim"]
[Result "1-0"]
[WhiteElo "1600"]
[BlackElo "1811"]
[PlyCount "101"]
[EventDate "2022.11.06"]
[EventType "swiss"]
[EventRounds "9"]
[EventCountry "TUR"]
[SourceTitle "CBM 211 Extra"]
[Source "ChessBase"]
[SourceDate "2023.01.31"]
[SourceVersion "1"]
[SourceVersionDate "2023.01.31"]
[SourceQuality "1"]

1. e4 c5 2. Nf3 Nc6 3. d4 cxd4 4. Nxd4 Nf6 5. Nc3 e5 6. Ndb5 d6 7. Nd5 Nxd5 8. exd5 Nb8 9. a4 Be7 10. Be2 0-0 11. 0-0 f5 12. f4 a6 13. Na3 Nd7 14. Nc4 exf4 15. Bxf4 Nb6 16. b3 Nxc4 17. bxc4 g5 18. Bg3 Bf6 19. Rb1 f4 20. Bf2 Be7 21. Re1 a5 22. Bb6 Qd7 23. Bg4 Qxg4 24. Qxg4 Bxg4 25. Rxe7 Rf7 26. Rxf7 Kxf7 27. Bc7 Be2 28. c5 dxc5 29. Rxb7 Ba6 30. Rb6 Bc4 31. d6 Ke6 32. Rb1 h6 33. Re1+ Kd7 34. Re7+ Kc6 35. Rh7 g4 36. d7 Kxc7 37. d8Q+ Kxd8 38. Rh8+ Kc7 39. Rxa8 Kb6 40. Rh8 Be2 41. Rxh6+ Kb7 42. Rf6 f3 43. gxf3 gxf3 44. Rd6 Kc7 45. Rd2 Kc6 46. Rxe2 fxe2 47. Kf2 c4 48. Kxe2 Kc5 49. c3 Kd5 50. Ke3 Ke5 51. h4 1-0